[Event "AUTO-OPEN-4620"]
[Site "http://www.queenalice.com/game.php?id=1864487"]
[Date "2025.10.19"]
[Round "1"]
[White "TammieM3ENF"]
[Black "tariann"]
[Result "0-1"]
[WhiteElo "1564"]
[BlackElo "2300"]

1. d4 d5 2. Nc3 Nf6 3. Nf3 e6 4. e4 dxe4 5. Nxe4 Nxe4 6. c4 Bb4+ 7. Bd2 Nxd2 8.
Nxd2 Qxd4 9. h4 O-O 10. a3 Bxd2+ 11. Qxd2 Qxd2+ 12. Kxd2 Nc6 13. f4 Nd4 14. g4
Nb3+ 15. Ke2 Nxa1 16. b3 Nxb3 17. f5 exf5 18. gxf5 Bxf5 19. h5 Rfe8+ 20. Kf2
Rad8 21. c5 Rd2+ 22. Be2 Rexe2+ 23. Kg1 Rd1# 0-1

[Event "AUTO-OPEN-4620"]
[Site "http://www.queenalice.com/game.php?id=1864488"]
[Date "2025.10.19"]
[Round "1"]
[White "tariann"]
[Black "TammieM3ENF"]
[Result "1-0"]
[WhiteElo "2305"]
[BlackElo "1582"]

1. e4 e5 2. Nf3 Nf6 3. Nxe5 Nxe4 4. Qe2 f5 5. d3 d5 6. dxe4 fxe4 7. Nc3 d4 8.
Nxe4 d3 9. Qxd3 Bd7 10. Qf3 g6 11. Qf7# 1-0

[Event "AUTO-OPEN-4620"]
[Site "http://www.queenalice.com/game.php?id=1864517"]
[Date "2025.10.19"]
[Round "1"]
[White "tariann"]
[Black "MarcosT"]
[Result "1-0"]
[WhiteElo "2302"]
[BlackElo "2128"]

1. e4 e5 2. Nf3 Nf6 3. Nxe5 Nc6 4. Nxc6 dxc6 5. Nc3 Bc5 6. Be2 h5 7. d3 Ng4 8.
O-O Qh4 9. Bxg4 hxg4 10. Bf4 Bd6 11. e5 Be7 12. Bg3 Qh6 13. f4 Bh4 14. Qe1 Bxg3
15. Qxg3 Be6 16. Ne4 O-O-O 17. Rad1 f6 18. f5 Bd5 19. e6 g6 20. Nxf6 gxf5 21. e7
Rde8 22. Nxe8 1-0

[Event "AUTO-OPEN-4620"]
[Site "http://www.queenalice.com/game.php?id=1864518"]
[Date "2025.10.19"]
[Round "1"]
[White "MarcosT"]
[Black "tariann"]
[Result "1-0"]
[WhiteElo "2106"]
[BlackElo "2317"]

1. d4 d5 2. e3 Nf6 3. Nd2 e6 4. Bd3 c5 5. c3 Nc6 6. f4 Be7 7. Ngf3 O-O 8. O-O
Qc7 9. Ne5 Bd7 10. Rf3 cxd4 11. exd4 Rac8 12. Rh3 a6 13. Bxh7+ Kh8 14. Bd3+ Kg8
15. Ndf3 Na5 16. Ng5 Nc4 17. Bh7+ Kh8 18. Ngxf7+ 1-0

[Event "AUTO-OPEN-4620"]
[Site "http://www.queenalice.com/game.php?id=1864519"]
[Date "2025.10.19"]
[Round "1"]
[White "tariann"]
[Black "Pipo712"]
[Result "1-0"]
[WhiteElo "2317"]
[BlackElo "1879"]

1. e4 c5 2. Nf3 d6 3. d4 cxd4 4. Nxd4 Nf6 5. Nc3 a6 6. Be2 e5 7. Nb3 Be7 8. O-O
Be6 9. Be3 Nbd7 10. Qd2 b5 11. f3 O-O 12. Rac1 Rc8 13. Rfd1 Qc7 14. Nd5 Bxd5 15.
exd5 Nb6 16. c4 bxc4 17. Na5 Nfxd5 18. Nxc4 Nxe3 19. Nxe3 Qa7 20. Kh1 Rxc1 21.
Rxc1 g6 22. Nc4 Nxc4 23. Bxc4 Kg7 24. Qd5 Bg5 25. Rd1 Be7 26. Qc6 a5 27. a3 Rd8
28. Qd5 Bf8 29. b4 axb4 30. axb4 Rb8 31. b5 Qb7 32. Rb1 Qxd5 33. Bxd5 f5 34. b6
Be7 35. Kg1 Kf8 36. b7 Ke8 37. Be6 Kd8 38. Bc8 d5 39. Rb5 e4 40. Rxd5+ Kc7 41.
fxe4 fxe4 42. Rd7+ 1-0

[Event "AUTO-OPEN-4620"]
[Site "http://www.queenalice.com/game.php?id=1864520"]
[Date "2025.10.19"]
[Round "1"]
[White "Pipo712"]
[Black "tariann"]
[Result "1-0"]
[WhiteElo "1886"]
[BlackElo "2318"]

1. e4 e5 2. Nf3 Nc6 3. Bb5 Nf6 4. O-O d6 5. c3 Be7 6. Re1 O-O 7. h3 Re8 8. d4
Bd7 9. a4 Bf8 10. Nbd2 a6 11. Bd3 Na5 12. d5 c5 13. b4 c4 14. Bc2 Nb3 15. Nxb3
cxb3 16. Bxb3 Rc8 17. c4 h6 18. Bb2 Nh7 19. Qd2 Qf6 20. Rac1 Bxh3 21. Qe3 Qg6
22. Nh4 Qg5 23. Qxh3 Be7 24. Nf5 Bf8 25. Qe3 Qf6 26. c5 Ng5 27. c6 bxc6 28. dxc6
g6 29. Ng3 Ne6 30. Bxe6 Qxe6 31. b5 Qa2 32. Qa3 Qe6 33. Qc3 axb5 34. axb5 d5 35.
exd5 Qxd5 36. Rxe5 Rxe5 37. Qxe5 1-0

[Event "AUTO-MASTER-3278"]
[Site "http://www.queenalice.com/game.php?id=1864893"]
[Date "2025.10.29"]
[Round "2"]
[White "tariann"]
[Black "cerenzo72"]
[Result "1/2-1/2"]
[WhiteElo "2323"]
[BlackElo "2110"]

1. e4 e5 2. Nf3 d6 3. Bc4 Be7 4. O-O Nf6 5. Re1 O-O 6. h3 Nc6 7. c3 Na5 8. Bb3
Nxb3 9. Qxb3 c6 10. d4 exd4 11. cxd4 b5 12. Bf4 Bb7 13. Nc3 a5 14. Rac1 a4 15.
Qc2 Qb6 16. e5 dxe5 17. Bxe5 c5 18. Ng5 g6 19. Nce4 Nxe4 20. Nxe4 cxd4 21. Qc7
Qxc7 22. Rxc7 Bxe4 23. Rxe7 Bd5 24. Bxd4 Bxa2 25. Rb7 Bc4 26. f4 Rfe8 27. Rxe8+
Rxe8 28. Kf2 1/2-1/2

[Event "AUTO-MASTER-3278"]
[Site "http://www.queenalice.com/game.php?id=1864894"]
[Date "2025.10.29"]
[Round "2"]
[White "cerenzo72"]
[Black "tariann"]
[Result "1/2-1/2"]
[WhiteElo "2134"]
[BlackElo "2295"]

1. c4 e5 2. Nc3 Nf6 3. e4 Bc5 4. Be2 O-O 5. Nf3 d6 6. O-O Nc6 7. d3 Bg4 8. Bg5
h6 9. Bh4 Bxf3 10. Bxf3 Nd4 11. Nd5 g5 12. Bg3 c6 13. Nxf6+ Qxf6 14. Bh5 Rfd8
15. Qg4 Kh7 16. a3 d5 17. exd5 cxd5 18. Rae1 dxc4 19. Bxe5 Qe6 20. Qe4+ Kg8 21.
Qxb7 Nc6 22. Bd4 Rab8 23. Qxb8 Rxb8 24. Rxe6 Nxd4 25. Rxh6 cxd3 26. Rd1 Ne2+ 27.
Kf1 Rxb2 28. Rxd3 Nf4 29. Rd7 Rxf2+ 30. Ke1 Nxg2+ 31. Kd1 Ne3+ 32. Ke1 Nc2+ 33.
Kd1 Ne3+ 34. Ke1 Nc2+ 35. Kd1 Ne3+ 1/2-1/2